Cerámica para el artista alfarero
Saved in:
| Main Author: | |
|---|---|
| Format: | Book |
| Language: | Spanish |
| Published: |
Ciudad de México
Continental
1960
|
| Subjects: | |
| Tags: |
Add Tag
No Tags, Be the first to tag this record!
|
MARC
| LEADER | 00000nam a2200000 a 4500 | ||
|---|---|---|---|
| 001 | UCY9529 | ||
| 003 | CL-VaPUC | ||
| 008 | 950717e19601000MX |||||||||||||||||spa|d | ||
| 082 | 0 | 4 | |a 738.1 |b NOR |2 21 |
| 100 | |a Norton, F. H. |q (Frederick Harwood) |e autor |9 861868 | ||
| 245 | 1 | 0 | |a Cerámica para el artista alfarero |
| 300 | |a 593 p | ||
| 942 | |c BK | ||
| 945 | |d 19950717 00:00:00 |a cmena | ||
| 260 | |a Ciudad de México |b Continental |c 1960 | ||
| 650 | 0 | |a ceramica |9 262882 | |
| 650 | 0 | |a Alfarería |9 341805 | |
| 650 | 0 | |a Artes plásticas |9 268637 | |
| 583 | |a last modification |c 20160920 01:28:28 |k Rodrigo Vera | ||
| 999 | |c 236607 |d 236605 | ||
| 952 | |0 0 |1 0 |4 0 |6 738_100000000000000_NOR_1960 |7 0 |8 P |9 244806 |a BIBEDU |b BIBEDU |c BIBEDU_PB |d 2019-11-18 |i 1535145 |o 738.1 NOR 1960 |p 1535145 |r 2024-01-25 |w 2019-11-18 |y BK |k EDU | ||